000 00747nam a22002177a 4500
008 090115t xxu||||| |||| 00| 0 eng d
010 _aENG-92536
020 _c300.00
035 _aEN-76069
037 _bDBAD / PUB
040 _adpl
_bEnglish
082 _a510
100 _aKumbhojkar, G. V.
245 _aApplied mathematics-V:
_cby G.V. Kumbhojkar
_b(computer and information technology) /
250 _a2nd rev. & enl. ed.
260 _aMumbai
_bC. Jamnadas
_c2006-07
300 _aVarious pagings
_c22cm (pbk)
650 _aMathematics.
942 _2ddc
_cEN
_mKUM
_h510
999 _c21056
_d21056